[Event "Open A"]
[Site "Livigno ITA"]
[Date "2010.09.11"]
[Round "2"]
[White "Hrzica, Rok"]
[Black "Petkov, Vladimir"]
[WhiteElo "2308"]
[BlackElo "2513"]
[Result "1-0"]
[PlyCount "121"]
[EventDate "2010.09.10"]

1. e4 e5 2. Nf3 Nc6 3. d4 exd4 4. Nxd4 Nf6 5. Nxc6 bxc6 6. Bd3 d5 7. Nd2 Bd6 8.
exd5 O-O 9. O-O cxd5 10. Nf3 h6 11. c4 dxc4 12. Bxc4 Bb7 13. h3 Qd7 14. Be3
Rad8 15. Qe2 Nd5 16. Bxd5 Bxd5 17. Rfd1 c6 18. Nd4 Bb8 19. Qh5 f5 20. Rac1 Qd6
21. g3 Qf6 22. Ne2 Bxa2 23. Rxd8 Rxd8 24. Nd4 f4 25. gxf4 Bd5 26. Qf5 Qd6 27.
Qg4 Qf6 28. Qf5 Rf8 29. Qxf6 Rxf6 30. Ne2 h5 31. Kf1 h4 32. Ra1 Rf7 33. Rc1 Rb7
34. Bd4 Kf7 35. Bc3 Re7 36. Bd2 Bc7 37. Nd4 Re4 38. Nxc6 Bb6 39. f3 Ra4 40.
Ne5+ Ke6 41. Rc8 Bb7 42. Re8+ Kd5 43. Ke2 Ra1 44. Be3 Ba6+ 45. Kd2 Ba5+ 46. Kc2
Bf1 47. Ng6 Be1 48. Re5+ Kd6 49. Rh5 Bxh3 50. Nxh4 Ke6 51. f5+ Kf7 52. Ng6 Bg2
53. Rh2 Bf1 54. Rh8 Bb4 55. Bd2 Be7 56. Nxe7 Kxe7 57. Bc3 Be2 58. Rh7 Bxf3 59.
f6+ Ke8 60. Rh8+ Kd7 61. f7 1-0

[Event "Open A"]
[Site "Livigno ITA"]
[Date "2010.09.11"]
[Round "2"]
[White "Lazic, Miroljub"]
[Black "Karl, Hans"]
[WhiteElo "2502"]
[BlackElo "2211"]
[Result "1-0"]
[PlyCount "71"]
[EventDate "2010.09.10"]

1. g3 e5 2. c4 Nf6 3. Bg2 d6 4. Nc3 c6 5. d4 Be7 6. e4 Qc7 7. Nge2 Bg4 8. Be3
h5 9. h3 Be6 10. b3 h4 11. g4 Nh7 12. f4 f6 13. O-O Nd7 14. Qd2 g5 15. fxe5
fxe5 16. Rad1 Ndf8 17. d5 Bf7 18. c5 Rd8 19. cxd6 Bxd6 20. Rc1 Qb8 21. Bxg5
Nxg5 22. Qxg5 Be7 23. Qd2 Ng6 24. Rf5 Qd6 25. Rcf1 O-O 26. Kh1 Kg7 27. Rh5 Rh8
28. Nd1 cxd5 29. Ne3 Be6 30. Rxh8 Kxh8 31. exd5 Bg5 32. Nc3 Nf4 33. Nc4 Qc7 34.
Qe3 Bf7 35. d6 Rxd6 36. Qxe5+ 1-0

[Event "Open A"]
[Site "Livigno ITA"]
[Date "2010.09.11"]
[Round "2"]
[White "Michalik, Peter"]
[Black "Shachar, Ehud"]
[WhiteElo "2455"]
[BlackElo "2353"]
[Result "0-1"]
[PlyCount "62"]
[EventDate "2010.09.10"]

1. d4 e6 2. Nf3 f5 3. g3 Nf6 4. Bg2 Be7 5. O-O O-O 6. c4 d5 7. Nbd2 c6 8. Ne5
b6 9. Ndf3 Ne4 10. b3 Bb7 11. Qc2 a5 12. a3 Bd6 13. Nd3 Qe7 14. Bf4 Bxf4 15.
gxf4 Na6 16. Rfc1 c5 17. dxc5 bxc5 18. e3 Rfd8 19. Nd2 Nxd2 20. Qxd2 dxc4 21.
Bxb7 Rxd3 22. Qxd3 cxd3 23. Bxa8 d2 24. Rc2 Qd8 25. Bf3 Qd3 26. Rca2 c4 27.
bxc4 Nc5 28. Rd1 Nb3 29. c5 Qc3 30. c6 a4 31. Rb1 Qc1+ 0-1

[Event "Open A"]
[Site "Livigno ITA"]
[Date "2010.09.11"]
[Round "2"]
[White "Raineri, Valerio"]
[Black "Weisbuch, Udi"]
[WhiteElo "2114"]
[BlackElo "2306"]
[Result "0-1"]
[PlyCount "108"]
[EventDate "2010.09.10"]

1. e4 e6 2. Qe2 c5 3. f4 Nc6 4. Nf3 Nge7 5. d3 g6 6. g3 Bg7 7. c3 O-O 8. Bh3 d5
9. e5 b5 10. O-O Bb7 11. Be3 c4 12. Nbd2 Rb8 13. g4 Ba6 14. d4 b4 15. f5 exf5
16. gxf5 Nxf5 17. Bxf5 gxf5 18. Qg2 Kh8 19. Qh3 f6 20. e6 Ne7 21. Kh1 Bc8 22.
Rg1 Bxe6 23. Bf4 bxc3 24. bxc3 Rb6 25. Nh4 Qe8 26. Rae1 Qh5 27. Re3 Ng8 28.
Reg3 Bh6 29. Ng2 Qxh3 30. Rxh3 Bxf4 31. Nxf4 Bf7 32. Nf3 Ne7 33. Nh4 Rg8 34.
Rxg8+ Kxg8 35. Re3 Kf8 36. Kg2 Rb1 37. Ne6+ Bxe6 38. Rxe6 Rb2+ 39. Kg3 Rxa2 40.
Rxf6+ Kg7 41. Rd6 a5 42. Kf4 Kf7 43. Nf3 Rf2 44. Kg3 Rc2 45. Ng5+ Kg7 46. Ne6+
Kf7 47. Ng5+ Ke8 48. Nxh7 Rxc3+ 49. Kf4 Rh3 50. Nf6+ Kf7 51. Nxd5 Rh4+ 52. Kg5
Rg4+ 53. Kh5 Rxd4 54. Kh6 Rg4 0-1

[Event "Open A"]
[Site "Livigno ITA"]
[Date "2010.09.11"]
[Round "2"]
[White "Stella, Andrea"]
[Black "Milenkovic, Mladen"]
[WhiteElo "2334"]
[BlackElo "2406"]
[Result "1/2-1/2"]
[PlyCount "141"]
[EventDate "2010.09.10"]

1. Nf3 c5 2. c4 Nc6 3. d4 cxd4 4. Nxd4 Nf6 5. Nc3 g6 6. e4 Bg7 7. Be3 O-O 8.
Be2 d6 9. O-O Bd7 10. Qd2 Ng4 11. Bxg4 Bxg4 12. f3 Bd7 13. b3 Qa5 14. Rad1 Rfc8
15. a4 Rab8 16. Nd5 Qxd2 17. Rxd2 Kf8 18. Nb5 b6 19. Nd4 Nxd4 20. Bxd4 Bxd4+
21. Rxd4 Rb7 22. Rfd1 Be6 23. Nf4 a6 24. Nxe6+ fxe6 25. e5 dxe5 26. Rd8+ Rxd8
27. Rxd8+ Kf7 28. Kf2 Rc7 29. Rb8 Rc6 30. Ke3 a5 31. Ke4 Kf6 32. Rf8+ Kg7 33.
Rb8 Kf6 34. g4 g5 35. Rf8+ Kg7 36. Rb8 Kf6 37. Rf8+ Kg7 38. Rd8 Rd6 39. Rb8 Kf6
40. Rf8+ Kg7 41. Rc8 Rd4+ 42. Ke3 Kf7 43. Rh8 Kg7 44. Rb8 Rd6 45. Rc8 Kf7 46.
c5 bxc5 47. Rxc5 Rd5 48. Rc8 Rd1 49. Rc5 Rd5 50. Rb5 Ke8 51. Rb8+ Kd7 52. Rb7+
Kd6 53. Rb6+ Kd7 54. Rb7+ Kd6 55. Rb6+ Kd7 56. b4 axb4 57. Rxb4 Rd1 58. Rb7+
Kd6 59. Rb6+ Kd5 60. Rb5+ Kd6 61. Rb6+ Kd5 62. Rb5+ Kd6 63. Rb2 Re1+ 64. Kd3
Ra1 65. Rb6+ Kd7 66. Rb7+ Kd6 67. Rb6+ Kd5 68. Rb5+ Kd6 69. Rb6+ Kd7 70. Rb7+
Kd6 71. Rb6+ 1/2-1/2

[Event "Open A"]
[Site "Livigno ITA"]
[Date "2010.09.11"]
[Round "2"]
[White "Trens, Yohan"]
[Black "Mlynek, Petr"]
[WhiteElo "2086"]
[BlackElo "2183"]
[Result "1/2-1/2"]
[PlyCount "75"]
[EventDate "2010.09.10"]

1. e4 d6 2. d4 Nf6 3. Nc3 g6 4. f4 Bg7 5. a3 O-O 6. Nf3 Bg4 7. h3 Bxf3 8. Qxf3
Nc6 9. Be3 e5 10. dxe5 dxe5 11. f5 Nd4 12. Qf2 Qd7 13. O-O-O Qc6 14. Bd3 b5 15.
g4 Rfb8 16. g5 Nh5 17. Nd5 Qd7 18. Bxd4 exd4 19. f6 Bf8 20. Qxd4 Rd8 21. Qe3 c6
22. Bxb5 Qe6 23. Ne7+ Bxe7 24. fxe7 Re8 25. Be2 Rxe7 26. Bxh5 gxh5 27. Rhe1 Rb8
28. b3 a5 29. a4 Rbe8 30. Rd4 Qe5 31. Rc4 Qa1+ 32. Kd2 Rd7+ 33. Ke2 Qe5 34. Rf1
Qh2+ 35. Rf2 Qh1 36. Rf1 Qh2+ 37. Rf2 Qh1 38. Rf1 1/2-1/2

[Event "Open A"]
[Site "Livigno ITA"]
[Date "2010.09.11"]
[Round "2"]
[White "Umanec, Filip"]
[Black "Innocenti, Luca"]
[WhiteElo "2206"]
[BlackElo "2020"]
[Result "1/2-1/2"]
[PlyCount "95"]
[EventDate "2010.09.10"]

1. e4 e6 2. d4 b6 3. Be3 Bb7 4. Nd2 d6 5. Ngf3 Nf6 6. Bd3 Nbd7 7. h3 Be7 8. g4
d5 9. e5 Ne4 10. c3 Nxd2 11. Qxd2 a5 12. Qc2 Nf8 13. O-O-O Ba6 14. Ne1 c5 15.
dxc5 bxc5 16. c4 d4 17. Be4 Nd7 18. f4 Rb8 19. Bd2 Qb6 20. Nd3 Bb7 21. Rde1 Bh4
22. Re2 Bxe4 23. Rxe4 Qb7 24. Rhe1 Bxe1 25. Rxe1 h5 26. f5 hxg4 27. fxe6 fxe6
28. Nf4 Nf8 29. hxg4 Rh2 30. Nd3 Qc6 31. Qd1 a4 32. g5 Qa6 33. Qc2 Nd7 34. Nf4
Ke7 35. Kb1 a3 36. b3 Nf8 37. Qd1 Qxc4 38. Bc1 Qc3 39. Nd3 c4 40. Bxa3+ Ke8 41.
Rf1 Ng6 42. Nc1 Ra8 43. Rh1 Rxh1 44. Qxh1 Qa5 45. Qc6+ Kf7 46. Qd7+ Kg8 47.
Qxe6+ Kh7 48. Qh3+ 1/2-1/2

[Event "Open A"]
[Site "Livigno ITA"]
[Date "2010.09.11"]
[Round "2"]
[White "Urosevic, Goran"]
[Black "Waldner, Mirko"]
[WhiteElo "2218"]
[BlackElo "2064"]
[Result "1-0"]
[PlyCount "65"]
[EventDate "2010.09.10"]

1. d4 Nf6 2. c4 g6 3. Nc3 Bg7 4. e4 d6 5. g3 O-O 6. Bg2 e5 7. d5 Ne8 8. Nge2 f5
9. O-O Nf6 10. exf5 Bxf5 11. h3 Na6 12. g4 Bd7 13. Ng3 Kh8 14. Be3 Qe7 15. Qd2
Rf7 16. Nce4 b6 17. b4 Nxe4 18. Nxe4 h5 19. f3 Bf6 20. g5 Bg7 21. a4 Bf5 22. a5
Rff8 23. Ra2 Rfd8 24. Rfa1 c5 25. dxc6 bxa5 26. Rxa5 d5 27. cxd5 Nxb4 28. Bc5
Rxd5 29. Bxe7 Rxd2 30. Bxb4 Rc2 31. Rc5 Rxc5 32. Bxc5 Rc8 33. Ra6 1-0

[Event "Open A"]
[Site "Livigno ITA"]
[Date "2010.09.11"]
[Round "2"]
[White "Vyskocil, Neklan"]
[Black "Naumkin, Igor"]
[WhiteElo "2376"]
[BlackElo "2483"]
[Result "0-1"]
[PlyCount "54"]
[EventDate "2010.09.10"]

1. d4 Nf6 2. Nf3 e6 3. Bg5 c5 4. e3 Be7 5. Nbd2 b6 6. Bd3 Nc6 7. c3 Bb7 8. O-O
O-O 9. Qe2 cxd4 10. cxd4 Nb4 11. Bb5 a6 12. Ba4 Ne4 13. Bxe7 Qxe7 14. a3 Nxd2
15. Nxd2 Nd5 16. e4 Nf4 17. Qg4 Qd6 18. Bb3 f5 19. Nc4 Qc7 20. exf5 h5 21. Qh4
Nxg2 22. Qg3 Nf4 23. Rfe1 Rxf5 24. h4 Raf8 25. Ne5 R8f6 26. Kh2 Ng6 27. Re2 Rf4
0-1

[Event "Open A"]
[Site "Livigno ITA"]
[Date "2010.09.12"]
[Round "3"]
[White "Arnaudov, G. Petar"]
[Black "Stella, Andrea"]
[WhiteElo "2442"]
[BlackElo "2334"]
[Result "1-0"]
[PlyCount "49"]
[EventDate "2010.09.10"]

1. c4 f5 2. Nf3 Nf6 3. g3 g6 4. Bg2 Bg7 5. O-O O-O 6. d4 d6 7. Nc3 c6 8. b3 Na6
9. Bb2 Qc7 10. d5 e5 11. dxe6 Bxe6 12. Rc1 Rae8 13. Qd2 Nc5 14. Rfd1 Nce4 15.
Nxe4 Nxe4 16. Qc2 Qb6 17. e3 Bxb2 18. Qxb2 d5 19. Ne5 Rd8 20. cxd5 Bxd5 21.
Bxe4 Bxe4 22. Rd7 Rfe8 23. Ng4 Rxd7 24. Nh6+ Kf8 25. Qf6+ 1-0

[Event "Open A"]
[Site "Livigno ITA"]
[Date "2010.09.12"]
[Round "3"]
[White "Arnetta, Maria Teresa"]
[Black "Judkovsky, Yair"]
[WhiteElo "2111"]
[BlackElo "2315"]
[Result "0-1"]
[PlyCount "76"]
[EventDate "2010.09.10"]

1. e4 e5 2. Nf3 Nc6 3. d4 exd4 4. Nxd4 Nf6 5. Nxc6 bxc6 6. Bd3 d6 7. O-O g6 8.
b3 Bg7 9. Bb2 O-O 10. Nd2 Re8 11. Re1 c5 12. c4 Bb7 13. Qc2 Ng4 14. Bxg7 Kxg7
15. f4 Qf6 16. Nf3 Qxf4 17. Qd2 Qxd2 18. Nxd2 Re7 19. Re2 Ne5 20. Bc2 Nc6 21.
Nf3 Rae8 22. Rae1 h6 23. h3 a5 24. Kf2 g5 25. Bb1 f6 26. Bc2 h5 27. Rd2 Ne5 28.
Ng1 h4 29. Nf3 Ng6 30. Rde2 Nf4 31. Re3 Nh5 32. a3 Ng3 33. Nd2 f5 34. exf5 Nh1+
35. Rxh1 Rxe3 36. Bd1 Rd3 37. Nf3 Bxf3 38. Bxf3 Rd2+ 0-1

[Event "Open A"]
[Site "Livigno ITA"]
[Date "2010.09.12"]
[Round "3"]
[White "Battistella, Stefano"]
[Black "Fuchs, Ludek"]
[WhiteElo "2091"]
[BlackElo "2046"]
[Result "0-1"]
[PlyCount "118"]
[EventDate "2010.09.10"]

1. c4 Nf6 2. g3 c6 3. Nf3 d5 4. Bg2 g6 5. b3 Bg7 6. Bb2 O-O 7. O-O Re8 8. d3
Nbd7 9. cxd5 cxd5 10. Qc2 b6 11. Nbd2 Bb7 12. Rac1 Rc8 13. Qb1 e5 14. e4 Nc5
15. Bh3 Nfd7 16. b4 Ne6 17. Qa1 h6 18. Rfe1 d4 19. Nc4 Qe7 20. a4 Ng5 21. Nxg5
hxg5 22. Ba3 Rc7 23. b5 Nc5 24. a5 Qf6 25. Bxc5 Rxc5 26. axb6 axb6 27. Qa7 Bc8
28. Bxc8 Rexc8 29. Qd7 R5c7 30. Qg4 Bf8 31. Ra1 Rxc4 32. dxc4 Rxc4 33. Rec1
Rxc1+ 34. Rxc1 Bc5 35. Kg2 Qd8 36. Qf3 Qd7 37. Qd3 f5 38. Ra1 Qb7 39. f3 g4 40.
Qc4+ Kg7 41. Qd5 Qxd5 42. exd5 gxf3+ 43. Kxf3 e4+ 44. Ke2 Kf6 45. d6 Ke6 46. d7
Kxd7 47. Ra7+ Ke6 48. Rg7 d3+ 49. Kd2 Kf6 50. Rc7 Ke5 51. Rd7 Bf2 52. Rd8 g5
53. Re8+ Kd4 54. Rd8+ Kc4 55. Rc8+ Bc5 56. h4 e3+ 57. Kd1 Kc3 58. Rxc5+ bxc5
59. b6 d2 0-1

[Event "Open A"]
[Site "Livigno ITA"]
[Date "2010.09.12"]
[Round "3"]
[White "Bertagnolli, Alexander"]
[Black "Jedlicka, Ales"]
[WhiteElo "2395"]
[BlackElo "2279"]
[Result "1-0"]
[PlyCount "47"]
[EventDate "2010.09.10"]

1. e4 c5 2. Nf3 d6 3. d4 cxd4 4. Nxd4 Nf6 5. Nc3 a6 6. Bg5 e6 7. f4 Be7 8. Qf3
Qc7 9. O-O-O Nbd7 10. g4 h6 11. h4 hxg5 12. hxg5 Rxh1 13. Qxh1 Nf8 14. gxf6
gxf6 15. f5 Qc5 16. Qh5 b5 17. Ncxb5 e5 18. b4 Qb6 19. Bc4 exd4 20. Qxf7+ Kd8
21. Nxd4 Bd7 22. e5 d5 23. Qxd5 Rc8 24. Ne6+ 1-0

[Event "Open A"]
[Site "Livigno ITA"]
[Date "2010.09.12"]
[Round "3"]
[White "Bossi, Alessandro"]
[Black "Aguettaz, Maxime"]
[WhiteElo "2012"]
[BlackElo "2412"]
[Result "0-1"]
[PlyCount "82"]
[EventDate "2010.09.10"]

1. e4 c5 2. Nf3 d6 3. d4 cxd4 4. Qxd4 Nc6 5. Bb5 Bd7 6. Bxc6 Bxc6 7. Nc3 Nf6 8.
Bg5 e6 9. O-O Be7 10. Rad1 O-O 11. h3 a6 12. Qe3 Qa5 13. Nd4 Rac8 14. Nb3 Qc7
15. Bf4 b5 16. a3 Rfd8 17. Qe2 Ba8 18. Rd2 Qc4 19. Re1 d5 20. f3 Qxe2 21. Rexe2
dxe4 22. Rxd8+ Rxd8 23. Nxe4 Nxe4 24. fxe4 Kf8 25. Bc7 Rc8 26. Bb6 Rc4 27. Nd4
e5 28. Nf5 Rxe4 29. Rxe4 Bxe4 30. Nxe7 Kxe7 31. c3 Kd6 32. c4 bxc4 33. Ba5 Kd5
34. Bc3 Bf5 35. Kf2 Ke4 36. g4 Bd7 37. Ke2 h5 38. gxh5 Bxh3 39. Kf2 Bg4 40. h6
gxh6 41. Bd2 h5 0-1

[Event "Open A"]
[Site "Livigno ITA"]
[Date "2010.09.12"]
[Round "3"]
[White "Cazzaniga, Walter"]
[Black "Vyskocil, Neklan"]
[WhiteElo "2114"]
[BlackElo "2376"]
[Result "1-0"]
[PlyCount "153"]
[EventDate "2010.09.10"]

1. d4 Nf6 2. c4 e6 3. Nf3 b6 4. g3 Ba6 5. b3 Bb4+ 6. Bd2 Be7 7. Bg2 c6 8. Bc3
d5 9. Ne5 Nfd7 10. Nxd7 Nxd7 11. Nd2 Nf6 12. O-O O-O 13. Re1 Rc8 14. e4 Bb7 15.
Qe2 Rc7 16. Rad1 Rd7 17. e5 Ne8 18. cxd5 cxd5 19. Nf3 Nc7 20. Qd2 a5 21. Bf1
Ba6 22. b4 Bxf1 23. Rxf1 a4 24. Qe2 Qa8 25. Rb1 Qc6 26. Rfc1 Qb5 27. Qd1 Rc8
28. Bd2 Rdd8 29. Qc2 Qa6 30. Kg2 h6 31. b5 Nxb5 32. Qd3 Rxc1 33. Bxc1 Nc7 34.
Qxa6 Nxa6 35. Rxb6 Ra8 36. Bd2 Kf8 37. Ne1 Ke8 38. Nd3 Ra7 39. Kf3 Kd7 40. Ke3
Kc7 41. Rb5 Nb8 42. Ba5+ Kc8 43. Bb4 Bxb4 44. Nxb4 Nd7 45. Kd3 Kc7 46. f4 g6
47. g4 g5 48. f5 Ra8 49. f6 h5 50. h3 hxg4 51. hxg4 Rh8 52. Ra5 Kb7 53. Rxa4
Rh3+ 54. Kc2 Rg3 55. Nd3 Rxg4 56. Rb4+ Kc7 57. Kc3 Rg1 58. Rb2 g4 59. Rh2 g3
60. Rh7 g2 61. Rg7 Kc6 62. a4 Kb6 63. Kc2 Ka5 64. Nf4 Kxa4 65. Rxg2 Rxg2+ 66.
Nxg2 Kb4 67. Kd3 Kb3 68. Nf4 Nb6 69. Nh3 Nc4 70. Ng5 Nb2+ 71. Ke3 Nc4+ 72. Kf4
Kc3 73. Nxe6 Kd3 74. Nd8 Kxd4 75. Nxf7 Kc3 76. e6 d4 77. e7 1-0

[Event "Open A"]
[Site "Livigno ITA"]
[Date "2010.09.12"]
[Round "3"]
[White "Cocchi, Andrea"]
[Black "Bove, Alessandro"]
[WhiteElo "2266"]
[BlackElo "2397"]
[Result "1/2-1/2"]
[PlyCount "137"]
[EventDate "2010.09.10"]

1. Nf3 d5 2. b3 Bg4 3. Bb2 Nd7 4. e3 c6 5. c4 e6 6. Be2 Ngf6 7. O-O Bd6 8. Nc3
O-O 9. d4 Qe7 10. Qc2 Bf5 11. Bd3 Bxd3 12. Qxd3 e5 13. dxe5 Nxe5 14. Nxe5 Qxe5
15. f4 Qh5 16. cxd5 Rad8 17. Ne4 Nxe4 18. Qxe4 Rfe8 19. Qd4 Bf8 20. e4 cxd5 21.
e5 b6 22. Qd3 d4 23. Rad1 Qg4 24. h3 Qe6 25. Kh1 Rd5 26. Rf3 Red8 27. Qe4 Bc5
28. Rfd3 a5 29. R3d2 Qd7 30. Rd3 Qe6 31. a3 Qe7 32. b4 axb4 33. axb4 Bxb4 34.
Rxd4 Rxd4 35. Rxd4 Bc5 36. Rd5 h6 37. f5 Rxd5 38. Qxd5 Qh4 39. Qd1 Qf2 40. Qb1
Bb4 41. e6 fxe6 42. fxe6 Bd6 43. Qa1 Qg3 44. Kg1 Qe3+ 45. Kh1 Qg3 46. Kg1 Qe3+
47. Kh1 Qxe6 48. Bxg7 b5 49. Bc3 b4 50. Qa8+ Kf7 51. Qb7+ Qe7 52. Qd5+ Ke8 53.
Qa8+ Kd7 54. Qb7+ Kd8 55. Qa8+ Kc7 56. Qa7+ Kc6 57. Qxe7 Bxe7 58. Bxb4 Bxb4 59.
g4 Be1 60. h4 Bxh4 61. Kg2 Kd5 62. Kh1 Ke4 63. Kg2 Kf4 64. Kh2 Kf3 65. Kh1 Kg3
66. Kg1 Kh3 67. Kh1 Bf2 68. g5 Bg1 69. gxh6 1/2-1/2

[Event "Open A"]
[Site "Livigno ITA"]
[Date "2010.09.12"]
[Round "3"]
[White "Innocenti, Luca"]
[Black "Cimmino, Pietro"]
[WhiteElo "2020"]
[BlackElo "2098"]
[Result "0-1"]
[PlyCount "126"]
[EventDate "2010.09.10"]

1. Nf3 Nf6 2. b3 g6 3. Bb2 Bg7 4. c4 d6 5. d4 Nbd7 6. g3 e5 7. dxe5 Ng4 8. Bg2
Ndxe5 9. Nxe5 Nxe5 10. Qc2 Qe7 11. O-O O-O 12. Nc3 c6 13. h3 f5 14. f4 Nd7 15.
e4 Nc5 16. Rae1 Qc7 17. b4 Nxe4 18. Nxe4 fxe4 19. Bxg7 Qxg7 20. Qxe4 Qc3 21.
Re3 Qxb4 22. g4 Bd7 23. Qd4 Qb6 24. Rd1 Rf7 25. Rb3 Qxd4+ 26. Rxd4 Be6 27. Re4
Bc8 28. Rd3 Rf6 29. Re8+ Rf8 30. Rxf8+ Kxf8 31. Rxd6 Ke7 32. c5 Be6 33. a3 a5
34. Kf2 a4 35. Rd3 Ra5 36. Rc3 Rb5 37. Ke3 Rb2 38. Be4 Bb3 39. f5 Kf6 40. fxg6
hxg6 41. Kd4 Ra2 42. Rf3+ Kg5 43. Rf8 Rxa3 44. Rb8 Ra1 45. Rxb7 Rd1+ 46. Kc3
Rc1+ 47. Kd3 Rxc5 48. Rb6 Bd5 49. Bxd5 Rxd5+ 50. Kc2 Rc5+ 51. Kd3 Ra5 52. Rxc6
a3 53. Rc1 a2 54. Ra1 Kh4 55. Ke3 g5 56. Kf3 Ra4 57. Kg2 Ra3 58. Kh2 Rxh3+ 59.
Kg2 Ra3 60. Kh2 Kxg4 61. Kg2 Kf4 62. Kf2 g4 63. Kg2 Ke3 0-1

[Event "Open A"]
[Site "Livigno ITA"]
[Date "2010.09.12"]
[Round "3"]
[White "Kantorik, Marian"]
[Black "Damia, Angelo"]
[WhiteElo "2379"]
[BlackElo "2287"]
[Result "1/2-1/2"]
[PlyCount "95"]
[EventDate "2010.09.10"]

1. d4 c5 2. d5 Nf6 3. c4 a6 4. a4 e6 5. Nc3 Bd6 6. Nf3 Bc7 7. g3 d6 8. Bg2 Ba5
9. Qd3 e5 10. O-O O-O 11. Nd2 Bg4 12. f3 Bh5 13. e4 h6 14. h4 g5 15. Rf2 Bg6
16. Nf1 gxh4 17. Bxh6 hxg3 18. Nxg3 Bxc3 19. Qxc3 Re8 20. Bh3 Nxd5 21. cxd5 Qh4
22. Rh2 Qxh6 23. Bd7 Qxh2+ 24. Kxh2 Nxd7 25. Qe3 Kg7 26. Qg5 Rh8+ 27. Kg2 Kf8
28. Rf1 b5 29. a5 Re8 30. Rf2 Re7 31. Kf1 Ke8 32. Ke2 Kd8 33. Kf1 Rhe8 34. Rh2
Kc7 35. Kf2 c4 36. Ke3 Nc5 37. Rh8 Nb7 38. Rxe8 Rxe8 39. Nf5 Bxf5 40. Qxf5 Re7
41. Qg5 Rd7 42. f4 exf4+ 43. Qxf4 Re7 44. Qf6 Kd7 45. Qf5+ Kc7 46. Qf6 Kd7 47.
Qf5+ Kc7 48. Qf6 1/2-1/2

[Event "Open A"]
[Site "Livigno ITA"]
[Date "2010.09.12"]
[Round "3"]
[White "Karl, Hans"]
[Black "Trens, Yohan"]
[WhiteElo "2211"]
[BlackElo "2086"]
[Result "1/2-1/2"]
[PlyCount "129"]
[EventDate "2010.09.10"]

1. d4 Nf6 2. c4 g6 3. Nc3 Bg7 4. e4 d6 5. f3 O-O 6. Bg5 c5 7. d5 e6 8. Qd2 h6
9. Be3 exd5 10. cxd5 h5 11. Nge2 Re8 12. Nc1 Nbd7 13. Be2 Nf8 14. O-O N6h7 15.
Bb5 Re7 16. a4 a6 17. Bd3 f5 18. N1e2 Qe8 19. Bf4 Be5 20. Bxe5 Rxe5 21. Rae1
Qf7 22. Bc4 Re8 23. Nf4 Qg7 24. Rf2 Bd7 25. exf5 Bxf5 26. Ne6 Nxe6 27. dxe6 Qd4
28. Qxd4 cxd4 29. Nd5 Rac8 30. Bb3 Kg7 31. Nf4 Nf6 32. h4 Rc5 33. Rd2 Re5 34.
Kf2 Rxe1 35. Kxe1 d5 36. Rxd4 Bxe6 37. Kd2 Bf7 38. Rb4 Re7 39. Rb6 Rd7 40. Kd3
Ng8 41. Kd2 Ne7 42. Bc2 Nc8 43. Rb4 Nd6 44. Bd3 Re7 45. b3 Kf6 46. Rb6 Rd7 47.
Nh3 Kg7 48. Ng5 Nc4+ 49. bxc4 dxc4 50. Nxf7 Kxf7 51. Kc3 cxd3 52. Kd2 Kg7 53.
a5 Kh6 54. g3 Kg7 55. f4 Kh7 56. Rb3 Rd5 57. Rxb7+ Kh6 58. Rb3 Rxa5 59. Kxd3
Kg7 60. Ke4 Kf6 61. Rb6+ Kf7 62. Rb7+ Kf6 63. Rb6+ Kf7 64. Rb7+ Kf6 65. Rb6+
1/2-1/2

[Event "Open A"]
[Site "Livigno ITA"]
[Date "2010.09.12"]
[Round "3"]
[White "Milenkovic, Mladen"]
[Black "Hrzica, Rok"]
[WhiteElo "2406"]
[BlackElo "2308"]
[Result "0-1"]
[PlyCount "72"]
[EventDate "2010.09.10"]

1. e4 c6 2. d4 d5 3. exd5 cxd5 4. c4 Nf6 5. Nc3 Nc6 6. Bf4 e6 7. c5 Be7 8. Bb5
Ne4 9. Bxc6+ bxc6 10. Qa4 Qd7 11. Nf3 f6 12. Nxe4 dxe4 13. Nd2 g5 14. Bg3 O-O
15. O-O-O Qd5 16. Nc4 e5 17. Ne3 Qf7 18. Qxc6 Rb8 19. dxe5 Be6 20. Nd5 Bxc5 21.
exf6 Rbc8 22. Nc7 Bb6 23. Qxe4 Bxc7 24. Kb1 Bxa2+ 25. Ka1 Bb3 26. Rc1 Bb6 27.
Bd6 Rxc1+ 28. Rxc1 Re8 29. Qf5 Qg6 30. Qd7 Bf7 31. Be7 Qe4 32. f3 Qe3 33. Qd1
Bd4 34. Rc6 Rxe7 35. fxe7 Qa3+ 36. Kb1 Qxb2# 0-1

[Event "Open A"]
[Site "Livigno ITA"]
[Date "2010.09.12"]
[Round "3"]
[White "Mlynek, Petr"]
[Black "Umanec, Filip"]
[WhiteElo "2183"]
[BlackElo "2206"]
[Result "0-1"]
[PlyCount "121"]
[EventDate "2010.09.10"]

1. d4 d5 2. c4 e6 3. Nf3 c6 4. e3 f5 5. Bd3 Nf6 6. O-O Bd6 7. b3 Qe7 8. a4 a5
9. Ba3 O-O 10. Bxd6 Qxd6 11. Ne5 b6 12. Nd2 Rd8 13. cxd5 exd5 14. Qc2 Ne4 15.
f3 Nxd2 16. Qxd2 Na6 17. Bxa6 Bxa6 18. Rfc1 Rac8 19. Ra2 c5 20. Rac2 Rc7 21. f4
Rdc8 22. dxc5 Rxc5 23. Rc3 g5 24. Rxc5 Rxc5 25. Rxc5 bxc5 26. Qxa5 d4 27. Qd2
d3 28. Kf2 Qd5 29. Kg3 h5 30. h4 gxf4+ 31. exf4 Qxb3 32. Kh2 Qb4 33. Qe3 d2 34.
Nc6 Qe4 35. Qb3+ Bc4 36. Qb8+ Kg7 37. Qc7+ Bf7 38. Nd8 Qd5 39. Nxf7 d1=Q 40.
Ne5+ Kf6 41. Qh7 Qxa4 42. Qg6+ Ke7 43. Qxf5 Qae4 44. Qg5+ Kf8 45. Qh6+ Kg8 46.
Qg5+ Kf8 47. Qh6+ Ke7 48. Qg5+ Ke8 49. Qxh5+ Kd8 50. Qg5+ Kc7 51. h5 c4 52. h6
Qh7 53. Qf6 Qd6 54. Qxd6+ Kxd6 55. Nxc4+ Kd5 56. Nd2 Qxh6+ 57. Kg3 Qg7+ 58. Kf3
Qc3+ 59. Ke2 Qg3 60. Kf1 Kd4 61. Kg1 0-1

[Event "Open A"]
[Site "Livigno ITA"]
[Date "2010.09.12"]
[Round "3"]
[White "Naumkin, Igor"]
[Black "Berend, Fred"]
[WhiteElo "2483"]
[BlackElo "2382"]
[Result "1-0"]
[PlyCount "82"]
[EventDate "2010.09.10"]

1. d4 d5 2. c4 c6 3. Nf3 Nf6 4. Nc3 a6 5. Ne5 g6 6. Bf4 Bg7 7. e3 O-O 8. Be2 b5
9. cxd5 cxd5 10. O-O Bb7 11. Qb3 Ne4 12. Rfd1 Nxc3 13. Qxc3 Nd7 14. Nc6 Qe8 15.
Na5 Rc8 16. Qb4 Ba8 17. a4 e5 18. dxe5 Nxe5 19. axb5 Rc2 20. Rd2 Rxd2 21. Qxd2
axb5 22. Qb4 d4 23. exd4 Nc6 24. Nxc6 Qxe2 25. Ne7+ Kh8 26. Be5 Re8 27. Re1 Qg4
28. Bg3 Qd7 29. d5 h5 30. d6 Kh7 31. h4 Bf6 32. Kh2 Rd8 33. f3 Kg7 34. Re2 Re8
35. Qc5 Rd8 36. b4 Bb7 37. Qe3 Ba8 38. Rc2 Qe6 39. Rc7 Bxe7 40. Be5+ Kg8 41.
Rxe7 Bd5 1-0

[Event "Open A"]
[Site "Livigno ITA"]
[Date "2010.09.12"]
[Round "3"]
[White "Petkov, Vladimir"]
[Black "Raineri, Valerio"]
[WhiteElo "2513"]
[BlackElo "2114"]
[Result "1-0"]
[PlyCount "65"]
[EventDate "2010.09.10"]

1. Nf3 Nf6 2. c4 g6 3. Nc3 Bg7 4. e4 d6 5. d4 O-O 6. h3 e5 7. d5 Nbd7 8. Be3
Nh5 9. Nd2 Bf6 10. g3 Bg5 11. Bxg5 Qxg5 12. Be2 Ng7 13. h4 Qe7 14. h5 f5 15.
hxg6 hxg6 16. exf5 e4 17. Ndxe4 gxf5 18. Nd2 f4 19. gxf4 Nc5 20. Nf1 Rxf4 21.
Ne3 Bf5 22. Nxf5 Nxf5 23. Qd2 Rd4 24. Rg1+ Kh8 25. Qg5 Nd3+ 26. Kf1 Qxg5 27.
Rxg5 Rf8 28. Nb5 Rh4 29. Bxd3 Rh1+ 30. Rg1 Rh2 31. Ke2 Nh4 32. Raf1 Re8+ 33.
Kd1 1-0

[Event "Open A"]
[Site "Livigno ITA"]
[Date "2010.09.12"]
[Round "3"]
[White "Rotstein, Arkadij"]
[Black "Bentivegna, Francesco"]
[WhiteElo "2542"]
[BlackElo "2360"]
[Result "0-1"]
[PlyCount "92"]
[EventDate "2010.09.10"]

1. Nf3 b6 2. e4 Bb7 3. d3 c5 4. g3 e6 5. Bg2 d5 6. e5 Ne7 7. O-O Nd7 8. Re1 Qc7
9. Qe2 Nc6 10. c4 d4 11. Bf4 Be7 12. Nbd2 h6 13. h4 O-O-O 14. h5 g5 15. hxg6
fxg6 16. Ne4 g5 17. Nd6+ Bxd6 18. exd6 Qb8 19. Bd2 e5 20. b4 cxb4 21. c5 bxc5
22. a3 a5 23. axb4 axb4 24. Rec1 Qxd6 25. Be1 Kc7 26. Nd2 Ra8 27. Rxa8 Rxa8 28.
Ne4 Qe7 29. Bh3 Ra5 30. Qc2 Ba8 31. Bxd7 Qxd7 32. Nxc5 Qd5 33. Ne4 Ra2 34. Qb1
b3 35. Rc5 Qf7 36. Rc4 Kd8 37. Kg2 Re2 38. Qxb3 Rxe1 39. Qa3 Bb7 40. Qd6+ Qd7
41. Qf8+ Kc7 42. Nf6 Qd8 43. Qf7+ Kb8 44. Nd7+ Ka7 45. Nc5 Qe7 46. Qd5 Na5 0-1

[Event "Open A"]
[Site "Livigno ITA"]
[Date "2010.09.12"]
[Round "3"]
[White "Shachar, Ehud"]
[Black "Cordova, Emilio"]
[WhiteElo "2353"]
[BlackElo "2539"]
[Result "1/2-1/2"]
[PlyCount "43"]
[EventDate "2010.09.10"]

1. e4 c5 2. Nf3 e6 3. d3 d5 4. Nbd2 Nf6 5. g3 Nc6 6. Bg2 Be7 7. O-O O-O 8. e5
Ng4 9. Qe2 Qc7 10. Re1 f6 11. exf6 Bxf6 12. Nb3 Kh8 13. c3 e5 14. h3 c4 15.
hxg4 cxd3 16. Qxd3 e4 17. Bf4 Qxf4 18. gxf4 exd3 19. g5 Bd8 20. Rad1 Ne7 21.
Rxd3 Ng6 22. Rxd5 1/2-1/2